000 00730nam a2200289Ia 4500
001 6883
005 20240113233945.0
007 ta
008 050701s1989 a g b000 u eng u
040 _aCotton College,Assam
041 _aeng
082 _a332.401
_bTh 559 Mo
100 _aJhingan, M.L. .
245 0 _aMonetary Theory /
_cM.L. Jhingan.
_hTextual Documents
250 _a2nd ed. /
260 _aDelhi :
_bKonark Publishers ,
_c1989.
300 _axvi, 574p. :
_bill. ;
_c22cm .
504 _aBib.
653 _aEconomics
653 _aMonetary Theory
653 _aPG-Economics
653 _aMS-Economics
942 _2ddc
_cBK
999 _c6870
_d6870